Ampliación de la base genética de caucho natural con proyección para la Amazonía colombiana : (Registro nro. 7402)

Detalles MARC
000 -CABECERA
Campo de control 01110nam a22002537a 4500
005 - FECHA Y HORA DE LA ULTIMA TRANSACCION
Campo de control 20130722090817.0
008 - ELEMENTOS DE LONGITUD FIJA—INFORMACION GENERAL
Campo de control 130722b2012 ck ||||| |||| 00| 0 spa d
020 ## - ISBN
ISBN 9789588317724
041 ## - IDIOMA
Código de idioma para texto/pista de sonido o título separado Español
044 ## - PAÍS DE PUBLICACIÓN
País de publicación Colombia
082 ## - NUMERO DE CLASIFICACION DECIMAL DEWEY
Número de clasificación 678.2
Número del ítem S838a
245 ## - MENCION DE TITULO
Título Ampliación de la base genética de caucho natural con proyección para la Amazonía colombiana :
Parte restante del título fase de evaluación en periodo improductivo a gran escala /
Mención de responsabilidad editado por Armando Sterling Cuéllar y Carlos Hernando Rodriguez León
260 ## - PUBLICACION, DISTRIBUCION, ETC. (PIE DE IMPRENTA)
Lugar de publicación, distribución, etc. Bogotá (Colombia)
Nombre del editor, distribuidor, etc. Instituto Amazónico de Investigaciones Cinetíficas - SINCHI
Fecha de publicación, distribución, etc. 2012.
300 ## - DESCRIPCION FISICA
Extensión 147 p.
Otros detalles físicos tablas.
Dimensiones 24 cm.
504 ## - NOTA DE BIBLIOGRAFIA, ETC.
Nota de bibliografía Incluye referencias bibliográficas
650 #6 - ASIENTO SECUNDARIO DE MATERIA - TERMINO TEMATICO
Término temático o nombre geográfico como elemento de entrada Caucho
Subdivisión geográfica Amazonía (Colombia)
650 #6 - ASIENTO SECUNDARIO DE MATERIA - TERMINO TEMATICO
Término temático o nombre geográfico como elemento de entrada Clones
Subdivisión geográfica Amazonía (Colombia)
650 #6 - ASIENTO SECUNDARIO DE MATERIA - TERMINO TEMATICO
Término temático o nombre geográfico como elemento de entrada Fitomejoramiento
Subdivisión geográfica Amazonía (Colombia)
650 #6 - ASIENTO SECUNDARIO DE MATERIA - TERMINO TEMATICO
Término temático o nombre geográfico como elemento de entrada Resistencia magnética
Subdivisión geográfica Amazonía colombiana
650 #6 - ASIENTO SECUNDARIO DE MATERIA - TERMINO TEMATICO
Término temático o nombre geográfico como elemento de entrada Desempeño de cultivos
Subdivisión geográfica Amazonía (Colombia)
700 ## - ASIENTO SECUNDARIO - NOMBRE PERSONAL
Nombre personal Sterling-Cuellar, Armando
Término de relación ed
700 ## - ASIENTO SECUNDARIO - NOMBRE PERSONAL
Nombre personal Rodríguez-León, Carlos Hernando
Término de relación ed
942 ## - ELEMENTOS ADICIONALES (KOHA)
Sistema de clasificación Dewey Decimal Classification
Tipo de ítem
Existencias
Withdrawn status Lost status Sistema de Clasificación Damaged status No para préstamo Colección Inventariado Ubicación Permanente Ubicación actual Fecha de adquisición Fuente de Valor Valor Total Checkouts Número topográfico Inventario / Código de Barras Date last seen Ejemplar Price effective from Forma de adquisición Tipo de material
    Dewey Decimal Classification     General Inventariado 2017 Bogotá Bogotá 22/07/2013 Instituto 39000.00   LB 678.2 S838a 028671 22/07/2013 Ej. 1 22/07/2013 Canje Libro